000 01690cam a2200493 4500
003 PE-LiUPU
005 20250731173342.0
020 _a8471517345
035 _a(Sirsi) i9788471517340
035 _a(Sirsi) 43025
035 _a(Sirsi) 43025
041 _aes
044 _aes
082 0 4 _a220.04
_bDTB 20
100 1 _aLenhardt, Pierre,
_eautor
245 1 3 _aLa Torá oral de los fariseos :
_btextos de la tradición de Israel /
_cPierre Lenhardt, Matthieu Collin ; [traducción, Nicolás Darrícal]
_n20.
264 1 _aEstella, Navarra :
_bVerbo Divino,
_c1991
300 _a114 páginas ;
_c19 cm.
490 0 _aDocumentos en torno a la Biblia
_v20
505 0 _aLa torá oral es coherente -- La torá oral es histórica -- La torá orales manifiesta.
526 _aSEG42
526 _aSEG41
526 _aSEG40
526 _aSEG39
526 _aP94
526 _aP87
526 _aP86
526 _aP85
526 _aP77
526 _aP76
526 _aP35
650 1 4 _aMishnah
_xEvidencias, autoridad, etc.
650 1 4 _aLiteratura rabínica
_xHistoria y crítica.
650 2 4 _aTradición (judaísmo).
650 2 4 _aFariseos.
700 1 _aCollin, Matthieu
_ecoaut.
942 _2ddc
_cBOOK
949 _a220.04 DTB 20
_i60321
_lCCODEBUL1
_mBUL
_tLIBRO
_o.STAFF. Colección General
859 _q60321
_h220.04
_iDTB 20
910 _aagl
_bjv
_cng
_d20090910
596 _a1
999 _a220.04 DTB 20
_wDEWEY
_c49783
_i60321
_f2021-11-9
_g5
_lCCODEBUL1
_mBUL
_p24.00
_r0
_sY
_tBOOK
_u2015-7-6
_xTEOLOGIA
_zUNKNOWN
_o.STAFF. Colección General
_d49783
980 _81
_gALBERTO SANCHEZ Responsable de Automatización